La génesis histórica de los montes catalogados de utilidad pública (1855-1901) / (Record no. 195973)

MARC details
000 -LEADER
campo de control de longitud fija 01361nam a2200373 i 4500
001 - NÚMERO DE CONTROL
campo de control 195973
003 - IDENTIFICADOR DE NÚMERO DE CONTROL
campo de control ES-MaACL
005 - FECHA Y HORA DE LA ÚLTIMA TRANSACCIÓN
campo de control 20250414063101.0
008 - DATOS DE LONGITUD FIJA--INFORMACIÓN GENERAL
campo de control de longitud fija 240804s2001 sp 000 0 spa d
017 ## - NÚMERO DE COPYRIGHT O DE DEPÓSITO LEGAL
Número de copyright o de depósito legal M 53562-2001
020 ## - NÚMERO INTERNACIONAL ESTÁNDAR DEL LIBRO
Número Internacional Estándar del Libro 8480143665
024 8# - IDENTIFICADOR DE OTROS ESTÁNDARES
Número estándar o código NIPO 311-01-075-6
035 ## - NÚMERO DE CONTROL DEL SISTEMA
Número de control de sistema CSIC000965271
035 ## - NÚMERO DE CONTROL DEL SISTEMA
Número de control de sistema (ES-MaCSI)000965271MAD01-Aleph
035 ## - NÚMERO DE CONTROL DEL SISTEMA
Número de control de sistema (OCoLC)433282979
035 ## - NÚMERO DE CONTROL DEL SISTEMA
Número de control de sistema 990009652710204201
040 ## - FUENTE DE CATALOGACIÓN
Centro catalogador/agencia de origen ES-MaCSI
Lengua de catalogación spa
Centro/agencia transcriptor ES-MaACL
080 ## - NÚMERO DE LA CLASIFICACIÓN DECIMAL UNIVERSAL
Número de la Clasificación Decimal Universal 630*9
100 ## - ENTRADA PRINCIPAL--NOMBRE DE PERSONA
Nombre de persona Calvo Sánchez, Luis
9 (RLIN) 237833
Término indicativo de función/relación Autor
245 13 - MENCIÓN DEL TÍTULO
Título La génesis histórica de los montes catalogados de utilidad pública (1855-1901) /
Mención de responsabilidad, etc. Luis Calvo Sánchez.
260 ## - PUBLICACIÓN, DISTRIBUCIÓN, ETC.
Lugar de publicación, distribución, etc. Madrid :
Nombre del editor, distribuidor, etc. Organismo Autónomo Parques Nacionales,
Fecha de publicación, distribución, etc. 2001.
300 ## - DESCRIPCIÓN FÍSICA
Extensión 427 p. :
Dimensiones 24 cm.
336 ## - TIPO DE CONTENIDO
Fuente rdacontent
Término de tipo de contenido texto
337 ## - TIPO DE MEDIO
Fuente rdamedia
Nombre/término del tipo de medio sin mediación
338 ## - TIPO DE SOPORTE
Fuente rdacarrier
Nombre/término del tipo de soporte volumen
650 #0 - PUNTO DE ACCESO ADICIONAL DE MATERIA--TÉRMINO DE MATERIA
Término de materia o nombre geográfico como elemento de entrada Política forestal
Fuente del encabezamiento o término CSICAU
9 (RLIN) 237834
710 0# - ENTRADA AGREGADA--NOMBRE DE ENTIDAD CORPORATIVA
Nombre de entidad corporativa o nombre de jurisdicción como elemento de entrada Organismo Autónomo Parques Nacionales (España)
9 (RLIN) 6053
852 ## - LOCALIZACIÓN
Ubicación ES-MaACL
Sublocalización o colección R.154444
Ubicación en estantería Depósito J
Número de control de estantería N-9105
Donativo/Legado Donación: María Pelles
Encuadernación Encuadernación cartoné con sobrecubierta
itemnumber 205004
903 ## - NOMBRE PERSONAL DE DONANTE
a Pelles, María
e Donante
942 ## - ELEMENTOS DE ENTRADA SECUNDARIOS (KOHA)
Tipo de ítem Koha Libro impreso
Suprimir en OPAC No
Holdings
Estatus retirado Estado de pérdida Fuente del sistema de clasificación o colocación Estado de daño No para préstamo Biblioteca de origen Biblioteca actual Ubicación en estantería Fecha de adquisición Fuente de adquisición Total de préstamos Signatura topográfica completa Código de barras Visto por última vez Precio de reemplazo Tipo de ítem Koha
    Clasificación decimal universal     Biblioteca del Ateneo de Madrid Biblioteca del Ateneo de Madrid Depósito J 12/04/2025 Donación   N-9105 101229851 12/04/2025 12/04/2025 Libro impreso